| 000 | 00644pab a2200193 454500 | ||
|---|---|---|---|
| 008 | 180718b2004 xxu||||| |||| 00| 0 eng d | ||
| 100 | _aNarayana, M.R. | ||
| 245 | _aSmall scale industries in Karnataka: impact of growth, sickness and closure on production and employment | ||
| 260 | _c2004 | ||
| 300 | _ap.967-83. | ||
| 362 | _aOct-Dec | ||
| 650 | _aProduction - India - Karnataka | ||
| 650 | _aIndustrial production - India - Karnataka | ||
| 650 | _aEmployment - India - Karnataka | ||
| 650 | _aKarnataka - Industries, Small-scale | ||
| 650 | _aSmall scale industry | ||
| 773 | _aIndian Journal of Labour Economics | ||
| 909 | _a63939 | ||
| 999 |
_c63939 _d63939 |
||